[Event "AUTO-OPEN-72"]
[Site "http://www.queenalice.com/game.php?id=9518"]
[Date "2005.4.12"]
[Round "1"]
[White "oldwave"]
[Black "Traian"]
[Result "1-0"]
[WhiteElo "1684"]
[BlackElo "1402"]

1. e4 e6 2. d4 Nf6 3. Nc3 Nc6 4. Nf3 Bb4 5. a3 Bxc3+ 6. bxc3 Nxe4 7. Bb2 f5 8.
Bb5 a6 9. Bc4 d5 10. Bb3 h5 11. c4 h4 12. Ba4 b5 13. cxb5 axb5 14. Bxb5 Bd7 15.
Nd2 h3 16. g3 f4 17. Nxe4 dxe4 18. d5 Na7 19. Bxg7 Rh7 20. Bxd7+ Qxd7 21. Be5
exd5 22. Bxf4 Rb8 23. O-O Nc6 24. Re1 Ne7 25. a4 Qc6 26. Re2 e3 27. fxe3 Rd8 28.
Qd3 Rf7 29. Qb5 Qxb5 30. axb5 Nf5 31. Ra7 c6 32. Rxf7 Kxf7 33. b6 Rd7 34. Bc7
1-0

[Event "AUTO-OPEN-72"]
[Site "http://www.queenalice.com/game.php?id=9541"]
[Date "2005.4.12"]
[Round "1"]
[White "oldwave"]
[Black "nicou"]
[Result "0-1"]
[WhiteElo "1758"]
[BlackElo "1860"]

1. e4 c6 2. d4 d5 3. e5 Bf5 4. Nf3 e6 5. Nc3 Bb4 6. Be2 Ne7 7. Bd2 O-O 8. O-O h6
9. a3 Ba5 10. b4 Bb6 11. Nh4 Bh7 12. Be3 Nf5 13. Nxf5 Bxf5 14. Bg4 Bxg4 15. Qxg4
Nd7 16. f4 f6 17. exf6 Nxf6 18. f5 Nxg4 0-1

[Event "AUTO-OPEN-72"]
[Site "http://www.queenalice.com/game.php?id=9542"]
[Date "2005.4.12"]
[Round "1"]
[White "nicou"]
[Black "oldwave"]
[Result "1-0"]
[WhiteElo "1897"]
[BlackElo "1707"]

1. e4 e5 2. Nf3 Nc6 3. Bb5 a6 4. Ba4 Nf6 5. O-O b5 6. Bb3 Be7 7. Re1 O-O 8. d3
d6 9. Nc3 Bg4 10. Be3 Na5 11. h3 Bh5 12. a3 Nxb3 13. cxb3 c6 14. Qd2 Bxf3 15.
gxf3 Nh5 16. Kh1 f5 17. Rg1 fxe4 18. fxe4 d5 19. exd5 cxd5 20. f4 d4 21. Qe2
dxe3 22. Qxh5 exf4 23. Qg4 f3 24. Qxg7# 1-0

[Event "AUTO-OPEN-72"]
[Site "http://www.queenalice.com/game.php?id=9543"]
[Date "2005.4.12"]
[Round "1"]
[White "oldwave"]
[Black "pedrinhoIII"]
[Result "1-0"]
[WhiteElo "1631"]
[BlackElo "1613"]

1. e4 e5 2. Nf3 Qf6 3. Nc3 Bc5 4. Nd5 Qc6 5. Bc4 Nf6 6. Nxe5 Qd6 7. Nxf6+ gxf6
8. Nxf7 Qf4 9. Qe2 Rg8 10. d4 Be7 11. Bxf4 Rxg2 12. Qh5 1-0

[Event "AUTO-OPEN-72"]
[Site "http://www.queenalice.com/game.php?id=9544"]
[Date "2005.4.12"]
[Round "1"]
[White "pedrinhoIII"]
[Black "oldwave"]
[Result "0-1"]
[WhiteElo "1568"]
[BlackElo "1772"]

1. e4 e5 2. Qh5 Nc6 3. Bc4 Qf6 4. c3 Bc5 5. d4 exd4 6. Bg5 Qg6 7. Qxg6 hxg6 8.
cxd4 Nxd4 9. Bb3 f6 10. Bf4 d6 11. Nd2 Nxb3 12. Nxb3 Bb4+ 13. Bd2 Bxd2+ 14. Nxd2
Be6 15. O-O-O O-O-O 16. Re1 Ne7 17. Ngf3 Nc6 18. Nb3 Nb4 19. a3 Nd3+ 20. Kc2
Nxe1+ 21. Rxe1 Bg4 22. Nfd4 Rxh2 23. f3 Rxg2+ 24. Kd1 Bh5 25. Ne6 Rd7 26. Nf8
Bxf3+ 27. Kc1 Re7 28. Nd2 Bh5 29. Nh7 Rh2 30. Nf8 Re8 31. Nh7 Rh8 32. Nxf6 gxf6
33. Rf1 Rf8 34. Nf3 Bxf3 35. Rxf3 f5 36. exf5 gxf5 37. Kb1 Kd7 0-1

[Event "Challenge"]
[Site "http://www.queenalice.com/game.php?id=9867"]
[Date "2005.4.15"]
[Round "-"]
[White "Karrppov"]
[Black "oldwave"]
[Result "1-0"]
[WhiteElo "1190"]
[BlackElo "1755"]

1. e4 e6 2. d4 d5 3. Nc3 Bb4 4. e5 Nc6 5. Bb5 Bd7 6. f4 Nge7 7. Nf3 Nf5 8. O-O
O-O 9. a3 Ba5 10. Bxc6 Bxc6 11. Qe1 Rc8 12. g4 Ne7 13. Qg3 f6 14. Be3 fxe5 15.
fxe5 Be8 16. Ng5 Bd7 17. b4 Bb6 18. Rxf8+ Qxf8 19. Rf1 Qe8 20. Qf2 h6 21. Nf7
Ng6 22. g5 Ne7 23. Qh4 Nf5 24. Rxf5 exf5 25. Nxh6+ gxh6 26. Nxd5 Qf8 27. Nf6+
Kh8 28. Nxd7 Qg7 29. e6 c6 30. Nf6 Bd8 31. Kf2 Qg6 32. Bf4 Kg7 33. gxh6+ Kh8 34.
Be5 Bxf6 35. Qxf6+ Qxf6 36. Bxf6+ Kh7 37. c4 Kg6 38. Be5 Rd8 39. Bg7 Re8 40. d5
f4 41. Kf3 b5 42. dxc6 bxc4 43. b5 Rxe6 44. Kxf4 Re7 45. a4 Rc7 46. h4 Kh7 47.
Ke4 c3 48. Bxc3 Kxh6 49. Kd5 1-0

[Event "Who dares ..... win ?"]
[Site "http://www.queenalice.com/game.php?id=10047"]
[Date "2005.4.17"]
[Round "-"]
[White "Katasstrov"]
[Black "oldwave"]
[Result "0-1"]
[WhiteElo "1513"]
[BlackElo "1726"]

1. e4 e6 2. d4 d5 3. Nc3 Bb4 4. a3 Ba5 5. b4 Bb6 6. e5 a5 7. b5 Ne7 8. a4 Nd7 9.
Qg4 h5 10. Qxg7 Rg8 11. Qh7 Bxd4 12. Bd2 Bxe5 13. Qxh5 Nf5 14. g3 Nf6 15. Qd1
Ne4 16. Nxe4 Bxa1 17. Qxa1 dxe4 18. Bg2 Qd4 19. Qxd4 Nxd4 20. Bxe4 f5 21. Bd3 b6
22. Ne2 Bb7 23. O-O Nf3+ 0-1

[Event "Vous jouez un jeu?"]
[Site "http://www.queenalice.com/game.php?id=10128"]
[Date "2005.4.18"]
[Round "-"]
[White "oldwave"]
[Black "Caloxa"]
[Result "1-0"]
[WhiteElo "1848"]
[BlackElo "1846"]

1. e4 c5 2. Nf3 e6 3. d4 d5 4. exd5 exd5 5. Bb5+ Bd7 6. Bxd7+ Nxd7 7. O-O Ngf6
8. dxc5 Nxc5 9. Nc3 h6 10. Bf4 Be7 11. Re1 O-O 12. Be5 a6 13. Bxf6 Bxf6 14. Nxd5
Bxb2 15. Rb1 Bf6 16. Rb6 Bc3 17. Re3 Ba5 18. Ne7+ Kh8 19. Rd6 Qc7 20. Qd4 Ne6
21. Rdxe6 fxe6 22. Rxe6 Bd2 23. Ng6+ Kh7 24. Nxf8+ Rxf8 25. Qxd2 Rd8 26. Qe2 Qc3
27. Re7 Qa1+ 28. Ne1 b5 29. Qg4 Qd4 30. Qxd4 Rxd4 31. Re2 Ra4 32. c3 Rc4 33. Rc2
g5 34. f3 Kg6 35. Kf2 Kf5 36. Ke3 Rc7 37. Kd4 Rd7+ 38. Kc5 h5 39. Kb6 Rd6+ 40.
Ka5 g4 41. fxg4+ hxg4 42. g3 Kg5 43. Ng2 Rh6 44. Ne1 Rd6 45. Ng2 Rh6 46. Ne3 Rc6
47. Nd5 Rd6 48. Nb4 Kf6 49. Nxa6 Rd5 50. Nc7 Rh5 51. Nxb5 Ke7 52. c4 Kd7 53. c5
Kc6 54. Kb4 Rh7 55. a4 Re7 56. Rc4 Rh7 57. Rxg4 Rxh2 58. Rg5 Rb2+ 59. Ka5 Kd7
60. Rg6 Rc2 61. Kb6 Ke7 62. c6 1-0

[Event "Vous jouez un jeu?"]
[Site "http://www.queenalice.com/game.php?id=10129"]
[Date "2005.4.18"]
[Round "-"]
[White "Caloxa"]
[Black "oldwave"]
[Result "1-0"]
[WhiteElo "1896"]
[BlackElo "1863"]

1. e4 c5 2. Bc4 d6 3. Qf3 Nf6 4. Qb3 e6 5. Nc3 a6 6. Be2 Nc6 7. Nf3 b5 8. a3 d5
9. d3 c4 10. Qa2 Bc5 11. exd5 exd5 12. Bg5 O-O 13. Bxf6 Qxf6 14. Nxd5 Qg6 15.
O-O Re8 16. Rae1 Bg4 17. b4 Rxe2 18. Nf4 Rxf2 19. Rxf2 Bxf2+ 20. Kxf2 Qh6 21. g3
Bxf3 22. Kxf3 Qxh2 23. Ng2 Qh5+ 24. Kf2 cxd3 25. cxd3 Rd8 26. Qe2 Qf5+ 27. Kg1
h6 28. Nf4 Nd4 29. Qe7 Rc8 30. Qb7 Rc6 31. Re8+ Kh7 32. Qb8 g5 33. Rh8+ Kg7 34.
Qf8+ Kf6 35. Rxh6+ Ke5 36. Qb8+ 1-0

[Event "Challenge"]
[Site "http://www.queenalice.com/game.php?id=10204"]
[Date "2005.4.18"]
[Round "-"]
[White "blikinn"]
[Black "oldwave"]
[Result "0-1"]
[WhiteElo "1820"]
[BlackElo "1839"]

1. e4 c5 2. Nf3 d6 3. d4 cxd4 4. Nxd4 Nc6 5. Nc3 a6 6. h3 Nf6 7. Be3 e5 8. Nf3
Be7 9. Bc4 b5 10. Bb3 b4 11. Nd5 Nxe4 12. Nxe7 Qxe7 13. Bd5 Bb7 14. Bxe4 Na5 15.
Qd3 Bxe4 16. Qxe4 Rb8 17. Qd5 Qc7 18. O-O O-O 19. Rfd1 Nc4 20. Bc1 Rb5 21. Qd3
d5 22. Qf5 Re8 23. b3 Nd6 24. Qh5 Qxc2 25. Rd2 Qf5 26. Qxf5 Nxf5 27. Rc2 e4 28.
Ne5 d4 29. Nc6 d3 30. Rc4 a5 31. Bd2 h6 32. Rac1 Nd6 33. Rd4 Nf5 34. Rd7 Re6 35.
Nd8 Re7 36. Rxe7 Nxe7 37. Nc6 Kf8 38. g4 Nxc6 39. Rxc6 Re5 40. Rd6 Rc5 41. Kf1
Rc2 42. Ke1 Rxa2 43. Kd1 Ra1+ 44. Bc1 Rb1 45. Rd5 Rxb3 46. Rxa5 Rb1 47. Re5 b3
48. Rb5 Ke7 49. Rb6 Kd7 50. Kd2 Kc7 51. Rb4 Kd6 52. Ba3 Ke5 53. Ke3 Re1+ 54. Kd2
Re2+ 55. Kd1 Rxf2 56. Rxb3 Kf4 57. Bd6+ Kf3 58. Rb7 e3 59. Rxf7+ Kg2 0-1

[Event "La revanche ......?"]
[Site "http://www.queenalice.com/game.php?id=10677"]
[Date "2005.4.23"]
[Round "-"]
[White "oldwave"]
[Black "Katasstrov"]
[Result "1-0"]
[WhiteElo "1755"]
[BlackElo "1573"]

1. e4 d6 2. d4 Nf6 3. Nc3 g6 4. f4 Bg7 5. Nf3 c5 6. Bb5+ Bd7 7. e5 Ng4 8. exd6
O-O 9. h3 Nh6 10. Kf2 exd6 11. Bc4 Nf5 12. dxc5 Bxc3 13. bxc3 dxc5 14. Re1 b5
15. Bf1 c4 16. g4 Qb6+ 17. Kg2 Ng7 18. a4 Rd8 19. Be3 Qc7 20. axb5 Bxb5 21. Nd4
Bc6+ 22. Kg1 Ne6 23. Qd2 Nxd4 24. Bxd4 Bb5 25. Qf2 Nc6 26. Bg2 a6 27. Bb6 Qd6
28. Bxd8 Rxd8 29. Re2 Qf6 30. Qe3 Nb8 31. g5 Qd6 32. Ree1 Bc6 33. Qb6 Bxg2 34.
Re8+ 1-0

[Event "Challenge"]
[Site "http://www.queenalice.com/game.php?id=11543"]
[Date "2005.4.29"]
[Round "-"]
[White "Catalin"]
[Black "oldwave"]
[Result "0-1"]
[WhiteElo "1717"]
[BlackElo "1786"]

1. e4 e5 2. Nf3 Nf6 3. Nxe5 Qe7 4. Nf3 Qxe4+ 5. Be2 Be7 6. O-O O-O 7. Nc3 Qf5 8.
d4 Re8 9. h3 d5 10. Bd3 Qd7 11. Be3 c6 12. Ne5 Qc7 13. Ne2 Nbd7 14. f4 c5 15. c3
c4 16. Bc2 b5 17. a3 a5 18. Ng3 Nf8 19. Kh2 Bd6 20. Nh5 Ne4 21. Ng3 Nxg3 22.
Kxg3 f6 23. Ng4 Bxg4 24. Qxg4 Rxe3+ 25. Kh2 Rae8 26. Kh1 Qe7 27. h4 Re2 28. Bd1
Rxb2 29. Bf3 Bxa3 30. Bxd5+ Kh8 31. Bc6 Rb8 32. Rfe1 Qd6 33. d5 Rc2 34. Re3 b4
35. Rg3 g6 36. h5 b3 37. hxg6 Nxg6 38. f5 b2 39. Re1 b1=Q 40. Rxb1 Rxb1+ 41. Kh2
Rcc1 0-1

[Event "Brunoy vs Paris"]
[Site "http://www.queenalice.com/game.php?id=12633"]
[Date "2005.5.11"]
[Round "-"]
[White "Katasstrov"]
[Black "oldwave"]
[Result "0-1"]
[WhiteElo "1521"]
[BlackElo "1873"]

1. e4 e6 2. d4 d5 3. Nc3 dxe4 4. Nxe4 Nc6 5. Nf3 Nf6 6. Bg5 Be7 7. Nxf6+ Bxf6 8.
Bxf6 Qxf6 9. c3 O-O 10. Bb5 Bd7 11. Ba4 Rfd8 12. Qc2 e5 13. Bxc6 Bxc6 14. Nxe5
Bxg2 15. Rg1 Bd5 16. Rg4 Qd6 17. Rh4 h6 18. O-O-O c5 19. Qf5 Qe7 20. Rg4 Be6 21.
Qf4 Bxg4 22. Nxg4 cxd4 23. Nxh6+ gxh6 24. Qxh6 Rd6 25. Rg1+ Rg6 0-1

[Event "Challenge"]
[Site "http://www.queenalice.com/game.php?id=12726"]
[Date "2005.5.11"]
[Round "-"]
[White "EdoVillarroel"]
[Black "oldwave"]
[Result "0-1"]
[WhiteElo "1675"]
[BlackElo "1825"]

1. e4 e6 2. d4 d5 3. Nc3 Bb4 4. e5 Ne7 5. Bd2 Nf5 6. Nb5 Be7 7. Qe2 a6 8. g4 Nh4
9. Nc3 Nc6 10. Be3 Na5 11. b3 h5 12. gxh5 Nf5 13. O-O-O Nxe3 14. Qxe3 Rxh5 15.
Nge2 b5 16. Ng3 Rh4 17. f4 g5 18. Nce2 gxf4 19. Nxf4 Rxf4 20. Nh5 Rg4 21. Nf6+
Bxf6 22. exf6 Qxf6 0-1

[Event "Challenge"]
[Site "http://www.queenalice.com/game.php?id=12728"]
[Date "2005.5.11"]
[Round "-"]
[White "oldwave"]
[Black "EdoVillarroel"]
[Result "1-0"]
[WhiteElo "1875"]
[BlackElo "1687"]

1. e4 e6 2. d4 d5 3. e5 c5 4. c3 Nc6 5. Nf3 Qb6 6. a3 c4 7. Nbd2 f6 8. b4 cxb3
9. Qxb3 Qxb3 10. Nxb3 fxe5 11. dxe5 Nge7 12. Nbd4 Nxd4 13. cxd4 Nc6 14. h4 Be7
15. a4 Bb4+ 16. Bd2 O-O 17. Bxb4 Nxb4 18. Kd2 Bd7 19. a5 Rac8 20. Rb1 Rc2+ 21.
Kd1 Ba4 22. Rxb4 Rc4+ 23. Rxa4 Rxa4 24. Kc1 Ra2 25. Bd3 Rxf2 26. Ng5 Rc8+ 27.
Kd1 h6 28. Nxe6 Rxg2 29. Be2 b6 30. Nf4 Rf2 31. Nxd5 Rd8 32. Ne7+ 1-0

[Event "Challenge"]
[Site "http://www.queenalice.com/game.php?id=12951"]
[Date "2005.5.13"]
[Round "-"]
[White "EdoVillarroel"]
[Black "oldwave"]
[Result "0-1"]
[WhiteElo "1689"]
[BlackElo "1861"]

1. e4 e5 2. Nf3 Nc6 3. d4 exd4 4. Nxd4 Bc5 5. Be3 Qf6 6. c3 Nge7 7. Bc4 O-O 8.
O-O Ne5 9. Be2 d5 10. f4 Qh6 11. Bd2 N5c6 12. f5 Qf6 13. Be3 dxe4 14. Nc2 Bxe3+
15. Nxe3 Qg5 16. Nd2 Qxe3+ 0-1

[Event "Challenge"]
[Site "http://www.queenalice.com/game.php?id=12952"]
[Date "2005.5.13"]
[Round "-"]
[White "oldwave"]
[Black "EdoVillarroel"]
[Result "1-0"]
[WhiteElo "1808"]
[BlackElo "1679"]

1. e4 e6 2. d4 d5 3. exd5 exd5 4. Nf3 Nf6 5. Bb5+ Bd7 6. Bxd7+ Nbxd7 7. Bg5 Be7
8. Nc3 O-O 9. O-O b6 10. Ne5 c5 11. Nc6 Qe8 12. Re1 1-0

[Event "Challenge"]
[Site "http://www.queenalice.com/game.php?id=13850"]
[Date "2005.5.21"]
[Round "-"]
[White "Catalin"]
[Black "oldwave"]
[Result "0-1"]
[WhiteElo "1737"]
[BlackElo "1885"]

1. e4 e6 2. d4 d5 3. exd5 exd5 4. Be3 Nf6 5. c4 dxc4 6. Bxc4 Bd6 7. Nc3 O-O 8.
Nge2 Nbd7 9. Qd3 Nb6 10. Bb3 Bb4 11. a3 Be7 12. Nf4 Re8 13. Bc2 g6 14. O-O c6
15. Rad1 Bf5 16. Qe2 Bxc2 17. Qxc2 Bd6 18. h3 Qe7 19. Rfe1 Bxf4 20. Qd3 Qd6 21.
Re2 Nbd5 22. Nxd5 Nxd5 23. Rde1 Bxe3 24. fxe3 Qg3 25. Qd2 Re4 26. Rf1 Rae8 27.
Rf3 Qg5 28. Ref2 f5 0-1

[Event "Encore une ?"]
[Site "http://www.queenalice.com/game.php?id=14599"]
[Date "2005.5.29"]
[Round "-"]
[White "oldwave"]
[Black "Katasstrov"]
[Result "0-1"]
[WhiteElo "1897"]
[BlackElo "1526"]

1. e4 Nf6 2. Nc3 d6 3. d4 g6 4. f4 Bg7 5. Bd3 O-O 6. Be3 Ng4 7. Qd2 Nxe3 8. Qxe3
Nd7 9. Nf3 c5 10. O-O cxd4 11. Nxd4 Qb6 0-1

[Event "Let's Play Chess!"]
[Site "http://www.queenalice.com/game.php?id=46991"]
[Date "2006.1.8"]
[Round "-"]
[White "oldwave"]
[Black "Renatov"]
[Result "1-0"]
[WhiteElo "1864"]
[BlackElo "1822"]

1. e4 e5 2. Nf3 Nf6 3. Nxe5 d6 4. Nf3 Nxe4 5. d4 d5 6. Bd3 Bg4 7. O-O Be7 8. c3
O-O 9. Be2 Nd7 10. Re1 Ndf6 11. Ne5 Bf5 12. Nd2 Nd6 13. Ndf3 Nfe4 14. Bf4 c5 15.
dxc5 Nc4 16. Nxc4 dxc4 17. Bxc4 Nxc5 18. Rxe7 Qxe7 19. Bd6 Qf6 20. Bxc5 Bg4 21.
Be2 Rfd8 22. Qb3 b6 23. Bd4 Qg6 24. Ne5 Be6 25. Qb4 Qc2 26. Bd3 Qd2 27. Be3 Rxd3
28. Bxd2 Rxd2 29. Nc6 g6 30. Nd4 Rd8 31. h3 Re8 32. Nxe6 Rxe6 33. Rf1 Ree2 34.
Qa4 Rxb2 35. Qxa7 Rec2 36. Qb8+ Kg7 37. h4 Rxa2 38. Qxb6 Ra3 39. Re1 Raxc3 40.
Re7 Rc6 41. Qa7 Rf6 42. g4 h6 43. Qd4 1-0

[Event "Challenge"]
[Site "http://www.queenalice.com/game.php?id=48127"]
[Date "2006.1.16"]
[Round "-"]
[White "Croftsy"]
[Black "oldwave"]
[Result "0-1"]
[WhiteElo "1431"]
[BlackElo "1878"]

1. Nf3 Nf6 2. d4 d5 3. b4 e6 4. c3 Be7 5. g3 O-O 6. Bg2 Nbd7 7. O-O b6 8. Be3
Ne4 9. Ne5 Nxe5 10. dxe5 Ng5 11. Bd4 f6 12. h4 fxe5 13. Bxe5 Nf7 14. Bd4 c5 15.
bxc5 bxc5 16. Be3 c4 17. Bd4 Rb8 18. Nd2 Nh6 19. e3 Bd6 20. f4 Rf7 21. Nf3 Nf5
22. Qe1 Nxd4 23. Nxd4 Bd7 24. Bf3 Rf6 25. g4 Qc7 26. g5 Rff8 27. Be2 e5 28. Nc2
exf4 29. Bf3 fxe3 30. Bxd5+ Kh8 31. Nxe3 Bc5 32. Bxc4 Rxf1+ 33. Bxf1 Re8 34. Kf2
Qf4+ 35. Kg2 Rxe3 36. Qf2 Qg4+ 37. Kh1 Bc6+ 38. Bg2 Rh3+ 0-1

[Event "Challenge"]
[Site "http://www.queenalice.com/game.php?id=54340"]
[Date "2006.2.23"]
[Round "-"]
[White "oldwave"]
[Black "Drifter"]
[Result "0-1"]
[WhiteElo "1880"]
[BlackElo "1838"]

1. e4 e5 2. Nf3 Nc6 3. Bb5 Nf6 4. O-O Nxe4 5. d4 Nd6 6. Bxc6 dxc6 7. Nxe5 Nf5 8.
Re1 Be7 9. c3 O-O 10. Bf4 Be6 11. Nd2 c5 12. Ndf3 cxd4 13. Nxd4 Nxd4 14. Qxd4
Qxd4 15. cxd4 Rfd8 16. Red1 Rac8 17. b3 Ba3 18. h3 Bb2 19. Rab1 Bxd4 20. Nf3 Bb6
21. Re1 Kf8 22. Ng5 Bf5 23. Rbc1 Rd7 24. Nf3 f6 25. Nh4 Bd3 26. Bd2 Re8 27. Bb4+
Kf7 28. Red1 Re2 29. Rd2 Bxf2+ 0-1